000 00523nam a2200169Ia 4500
003 IN-BaIIA
008 211028s9999 xx 000 0 eng d
020 _a2-88124-772-5
040 _cIIA Library
080 _a539.18
_bKHR
100 _aKhriplovich, I. B
_921523
245 0 _aParity nonconservation in atomic phenomena
_cI. B. Khriplovich
260 _aPhiladelphia
_bGordon and Breach Science
_c1991
300 _axiv, 314p.
650 _aAtomic physics
_91547
942 _cBK
999 _c12308
_d12308